Sports Quiz

Random Sports or NCAA Quiz
Score 0/20 Timer 05:00
7 Plays Today
% Correct
Gonzaga
84.7%
Saint Mary's College of California
73.8%
Bulldogs
72.9%
San Diego
65.8%
Portland
61.8%
San Francisco
61.6%
Pepperdine
61.1%
Santa Clara
55.4%
Gaels
52.2%
Tigers
51.5%
% Correct
Loyola Marymount
50.9%
Waves
45.5%
Pacific
45.1%
Dons
44.8%
Lions
42%
Pilots
41.8%
Brigham Young
37.1%
Toreros
36.8%
Broncos
36.2%
Cougars
32.4%

You're not logged in!

Compare scores with friends on all Sporcle quizzes.
OR
Log In

Sporcle TV

Today on Sporcle TV


Watch our educational content, quiz creation guides, and fun videos on Sporcle TV.

Show Comments

Extras

Top Quizzes Today


Score Distribution

Paid Content

Your Account Isn't Verified!

In order to create a playlist on Sporcle, you need to verify the email address you used during registration. Go to your Sporcle Settings to finish the process.

Report this User

Report this user for behavior that violates our Community Guidelines.

Details: